000 00526cam a2200205ua 4500
001 9482
008 151008n ii |||gr||||Z||||||hin
020 _a9788190866835
040 _cMAIN
041 _ahin
082 _a891.431
100 _aSahay, Alakh Niranjan,
_eAuthor.
245 1 _aKabyanjali
_ced. by Alakh Niranjan Sahay
250 _a2nd ed.
260 _aDibrugarh:
_bMahabir publications,
_c2010.
300 _ac.20p.
653 _aEast Indo-European & Celtic literatures
653 _aHindi poem
942 _cBK
999 _c8529
_d8529